| 000 | 00524nam a2200229Ia 4500 | ||
|---|---|---|---|
| 005 | 20250425162348.0 | ||
| 008 | 250425s9999 xx 000 0 und d | ||
| 041 | _aeng | ||
| 043 | _abe | ||
| 082 | _a624.19 | ||
| 100 | _aVANDEWALLE, IR. MARC | ||
| 245 | 0 | _aTUNNELLING IS AN ART | |
| 250 | _aS.E. | ||
| 260 |
_aBélgica _bNV BEKAERT SA _c2005 |
||
| 260 | _aS.L. | ||
| 300 | _a400 | ||
| 650 | _aFIBRAS DE ACERO | ||
| 650 | _aHORMIGON PROYECTADO | ||
| 650 | _aTUNELES-DISEÑO | ||
| 942 | _c01 | ||
| 010 | _a66016 | ||
| 999 |
_c227695 _d227695 |
||